[Event "26th Open"]
[Site "Boeblingen GER"]
[Date "2009.12.28"]
[Round "4"]
[White "Schneider,Il"]
[Black "Raykhman,A"]
[Result "1-0"]
[WhiteElo "2496"]
[BlackElo "2300"]

1.d4 Nf6 2.Bg5 Ne4 3.Bf4 c5 4.f3 Qa5+ 5.c3 Nf6 6.Nd2 cxd4 7.Nb3 Qb6 8.Qxd4 Nc6
9.Qxb6 axb6 10.Nd4 Ra5 11.b4 Nxd4 12.cxd4 Ra8 13.e4 d5 14.e5 Ng8 15.a4 Bd7
16.b5 Bf5 17.g4 Bg6 18.e6 fxe6 19.Bc7 Nf6 20.Bxb6 Nxg4 21.fxg4 Be4 22.Nf3 Bxf3
23.Rg1 e5 24.dxe5 e6 25.Kf2 Be4 26.Bg2 Bxg2 27.Kxg2 Bb4 28.Rgc1 O-O 29.Rc7 Rf7
30.a5 d4 31.Rxf7 Kxf7 32.Kf3 d3 33.Ra4 d2 34.Ke2 Bc3 35.Bc7 Kg6 36.Rc4 Bxa5
37.Ra4 Bxc7 38.Rxa8 Bxe5 39.Ra7 b6 40.Rb7 Bd4 41.Kxd2 Kf6 42.Kd3 Bg1 43.g5+ Kg6
44.Ke4 h6 45.h4 hxg5 46.hxg5 Bf2 47.Ke5  1-0

[Event "IX Gema Open"]
[Site "Mondariz ESP"]
[Date "2009.12.28"]
[Round "4"]
[White "Silva,Luis"]
[Black "Outerelo Ucha,M"]
[Result "0-1"]
[WhiteElo "1706"]
[BlackElo "2150"]

1.d4 Nf6 2.Bg5 Ne4 3.Bf4 d5 4.e3 c5 5.c3 Nc6 6.Nd2 Nxd2 7.Qxd2 cxd4 8.exd4 Bf5
9.Nf3 e6 10.Bd3 Bxd3 11.Qxd3 Bd6 12.Bxd6 Qxd6 13.O-O f6 14.Rfe1 O-O 15.Re3 Rae8
16.Rae1 Re7 17.Qe2 Rfe8 18.Nh4 Qf4 19.g3 Qd6 20.f4 g6 21.Qg4 Qd7 22.Nf3 Nd8
23.h4 Rg7 24.R1e2 Qa4 25.a3 Qd1+ 26.Kg2 Qb1 27.Nh2 Qf5 28.Qf3 h5 29.Nf1 Nf7
30.Re1 Nh6 31.Nh2 Rge7 32.Qe2 Ng4 33.Nxg4 hxg4 34.Qd3 Qxd3 35.Rxd3 Kf7 36.Rde3 b5
37.Rh1 Rh8 38.Kf2 a5 39.Ke2 Rb7 40.Kd2 b4 41.cxb4 axb4 42.Rb3 Rc8 43.a4 Ra8
44.Ra1 Ra5 45.Kd3 Ke7 46.Kd2 Kd7 47.Kd3 Ra6 48.a5 Rb5 49.Ra4 Rbxa5 50.Raxb4 Rc6
51.Rb7+ Rc7 52.Rb8 Ra1 53.Rg8 Rg1 54.Kd2 Rg2+ 55.Kd1 Rg1+ 56.Kd2 Rg2+ 57.Kd1 Rc4
58.Rg7+ Kc6 59.Rc3 Rxc3 60.bxc3 f5 61.Rxg6 Kd6 62.h5 Rxg3 63.h6 Rxc3 64.h7 Rh3
65.Rg7 Rh2 66.Ke1 g3 67.Kf1 Kc6 68.Re7 Kb5 69.Rxe6 Rxh7 70.Kg2 Kc4 71.Re5 Rh5
72.Kxg3 Kxd4 73.Re8 Kd3 74.Rg8 Rh1 75.Kg2 Rh7 76.Kf3 Rh3+ 77.Kg2 Rh7 78.Kf3 d4
79.Rf8 Rh3+ 80.Kg2 Rh5 81.Kf3 Kd2 82.Rd8 d3 83.Rd5 Kc2 84.Kg2 d2 85.Rc5+ Kd3
86.Rd5+ Ke3 87.Rd8 Rh7 88.Re8+ Kxf4 89.Rd8 Ke3 90.Re8+ Kd3 91.Rd8+ Ke2 92.Re8+ Kd1
93.Kf2 Rc7  0-1

[Event "26th Open"]
[Site "Boeblingen GER"]
[Date "2009.12.29"]
[Round "7"]
[White "Rojas Keim,L"]
[Black "Raykhman,A"]
[Result "1/2-1/2"]
[WhiteElo "2466"]
[BlackElo "2300"]

1.d4 Nf6 2.Bg5 Ne4 3.Bf4 c5 4.f3 Qa5+ 5.c3 Nf6 6.d5 Qb6 7.Bc1 g6 8.e4 d6
9.c4 Bg7 10.Bd3 O-O 11.Ne2 Nbd7 12.Nec3 Ne5 13.Be2 e6 14.f4 Ned7 15.O-O Re8
16.dxe6 fxe6 17.g4 Nb8 18.g5 Nfd7 19.Kh1 a6 20.Bg4 Qc6 21.Bf3 Qc7 22.Na3 Nc6
23.Nc2 Rb8 24.Be3 b5 25.cxb5 axb5 26.f5 b4 27.fxe6 bxc3 28.exd7 Bxd7 29.bxc3 Bxc3
30.Bf4 Ne5 31.Ne3 Be6 32.Bxe5 Bxe5 33.Nd5 Bxd5 34.Qxd5+ Qf7 35.Qxf7+ Kxf7
36.Be2+ Kg7 37.Rab1 h6 38.gxh6+ Kxh6 39.Bb5 Re7 40.a4 Bc3  1/2-1/2

[Event "26th Open"]
[Site "Geneva SUI"]
[Date "2009.12.29"]
[Round "5"]
[White "Michel,JC"]
[Black "Stoeri,S"]
[Result "0-1"]
[WhiteElo "1875"]
[BlackElo "2015"]

1.d4 Nf6 2.Bg5 Ne4 3.Bh4 c5 4.f3 g5 5.fxe4 gxh4 6.e3 Qb6 7.b3 Bg7 8.c3 Qg6
9.Nd2 b6 10.Rc1 Bh6 11.Kf2 Nc6 12.Ngf3 e6 13.Bd3 e5 14.d5 Rg8 15.Rg1 Ne7
16.g4 h3 17.g5 Bg7 18.Nh4 Qd6 19.Nc4 Qb8 20.Qh5 b5 21.d6 Ng6 22.Nxg6 hxg6
23.Qh7 Kf8 24.Qxh3 bxc4 25.Bxc4 Qxd6 26.Rcd1 Qe7 27.Ke2 d5  0-1

[Event "18th Donau Open"]
[Site "Aschach AUT"]
[Date "2009.12.30"]
[Round "6"]
[White "Schneider Zinner,H"]
[Black "Schwabeneder,Florian"]
[Result "1/2-1/2"]
[WhiteElo "2325"]
[BlackElo "2125"]

1.d4 Nf6 2.Bg5 Ne4 3.Bf4 c5 4.f3 Qa5+ 5.c3 Nf6 6.Nd2 cxd4 7.Nb3 Qb6 8.Qxd4 Qxd4
9.cxd4 Nc6 10.e4 d5 11.e5 Nd7 12.Ne2 e6 13.Nc3 Bb4 14.Bd2 a6 15.Rc1 Nb6 16.a3 Be7
17.Bd3 Nc4 18.Rc2  1/2-1/2

[Event "26th Open"]
[Site "Boeblingen GER"]
[Date "2009.12.30"]
[Round "9"]
[White "Bertagnolli,A"]
[Black "Mutschnik,I"]
[Result "1/2-1/2"]
[WhiteElo "2332"]
[BlackElo "2439"]

1.d4 Nf6 2.Bg5 Ne4 3.Bf4 c5 4.f3 Qa5+ 5.c3 Nf6 6.Nd2 cxd4 7.Nb3 Qb6 8.Qxd4 Nc6
9.Qxb6 axb6 10.e4 d5 11.Bb5 dxe4 12.fxe4 Nxe4 13.Nf3 Bd7 14.O-O f6 15.Rfe1 Nc5
16.Bc7 Nxb3 17.axb3 Rc8 18.Bxb6 e5 19.Red1 Nb8 20.Rxd7 Nxd7 21.Ra7 Rb8 22.b4 Bd6
23.Nd2 Ke7 24.Bf2 Bc7 25.Nc4 Rhe8 26.Kf1 e4 27.h3 Ne5 28.Bc5+ Ke6 29.Nxe5 Kxe5
30.Ke2 Bd6 31.Bd4+ Ke6 32.Ke3 Be5 33.Kxe4 f5+ 34.Ke3 Bxd4+ 35.Kxd4 Red8+
36.Ke3 Kd6 37.Be2 Re8+ 38.Kd3 Kc7 39.Bf3 Kb6 40.Ra5 Rbd8+ 41.Kc2 g6 42.c4 Rd7
43.c5+ Kc7 44.b5 Kb8 45.b6 Re3 46.Ra7 Rde7 47.b4 h5 48.Ra1 Rd7  1/2-1/2

[Event "11th Christmas Open"]
[Site "Litomysl CZE"]
[Date "2009.12.30"]
[Round "6"]
[White "Hillmann,M"]
[Black "Novotny,M1"]
[Result "1/2-1/2"]
[WhiteElo "2150"]
[BlackElo "2292"]

1.d4 Nf6 2.Bg5 Ne4 3.Bf4 c5 4.f3 Qa5+ 5.c3 Nf6 6.d5 e6 7.e4 Qb6 8.Na3 exd5
9.exd5 d6 10.Nc4 Qd8 11.Qe2+ Kd7 12.Qd1 Kc7 13.g3 b6 14.Bg5 Bb7 15.Bxf6 Qxf6
16.Bg2 g5 17.Nh3 Nd7 18.O-O h5 19.f4 g4 20.Ng5 Qg6 21.Qa4 Be7 22.Rae1 Bxg5
23.fxg5 Rhe8 24.h4 a6 25.Qd1 b5 26.Nd2 f5 27.a4 Re5 28.axb5 axb5 29.Qb3 Qe8
30.Rxe5 Qxe5 31.Qc2 Qxg3 32.Qxf5 Ne5 33.Qf2 Qxf2+ 34.Rxf2 Ra2 35.Nf1 Ng6
36.Be4 Nxh4 37.g6 Nxg6 38.Bxg6 h4 39.Be4 g3 40.Rf4 h3 41.Nxg3 Rxb2 42.Nf1 b4
43.cxb4 cxb4 44.Rh4 Bc8 45.Ne3 Re2 46.Nf5 b3 47.Bd3 b2 48.Rc4+ Kd8 49.Nxd6 Ba6
50.Nf7+ Ke7 51.Rc7+ Kf8 52.Bf5 h2+ 53.Kh1 Rf2 54.Be4 Re2 55.Bf5 Rf2 56.Be4 Be2
57.Rb7 Rxf7 58.Rxf7+ Kxf7 59.Kxh2 Kf6 60.Kg2 Ke5 61.Bb1 Bg4 62.Kf2 Kd4 63.Ke1 Kc3
64.d6 Bd7 65.Bg6 Ba4 66.Bb1 Bb5 67.Kf2 Kd2 68.Kg3 Kc1 69.Be4 Ba4 70.Kf4 Bc2
71.d7 Bxe4 72.d8=Q b1=Q 73.Qd4 Bc2 74.Qg1+ Bd1 75.Qe3+ Kb2 76.Qd2+ Kb3 77.Qe3+ Ka2
78.Qe6+ Bb3 79.Qa6+ Kb2 80.Qe2+ Ka3 81.Qe7+  1/2-1/2

[Event "22nd Open"]
[Site "Staufer GER"]
[Date "2010.01.03"]
[Round "4"]
[White "Gradl,W"]
[Black "Krockenberger,M"]
[Result "0-1"]
[WhiteElo "2033"]
[BlackElo "2227"]

1.d4 Nf6 2.Bg5 Ne4 3.Bf4 d5 4.e3 c5 5.Bd3 Qb6 6.Bxe4 dxe4 7.Nc3 cxd4 8.Qxd4 Qxd4
9.exd4 Bf5 10.Nb5 Na6 11.O-O-O g5 12.Be5 f6 13.Bg3 h5 14.h3 Bh6 15.Ne2 h4
16.Bh2 Kd7 17.a3 Bg6 18.Kb1 Bh5 19.Rde1 f5 20.Be5 Rhg8 21.g3 Bf3 22.Rhg1 g4
23.gxh4 Bd2 24.hxg4 Bxe1 25.Rxe1 Rxg4 26.Bg3 Bxe2 27.Rxe2 Rag8 28.Be5 Rxh4
29.Nxa7 Nc7 30.c4 Ra8 31.Nb5 Nxb5 32.cxb5 Rh1+ 33.Ka2 Rc1 34.f3 exf3 35.Rf2 Ra5
36.b6 Rb5 37.Bc7 Rd1 38.Be5 Rd3 39.Rh2 Rxb6 40.Rh5 e6  0-1

[Event "22nd Open"]
[Site "Staufer GER"]
[Date "2010.01.04"]
[Round "6"]
[White "Schneider,Il"]
[Black "Gutman,L"]
[Result "1/2-1/2"]
[WhiteElo "2499"]
[BlackElo "2448"]

1.d4 Nf6 2.Bg5 Ne4 3.Bf4 d5 4.e3 Nd7 5.Bd3 g6 6.Bxe4 dxe4 7.Nc3 Nf6 8.Be5 Bh6
9.Nge2 O-O 10.Bxf6 exf6 11.Nxe4 b6 12.O-O Bb7 13.d5 f5 14.N4c3 Qd6 15.Nd4 Bg7
16.Qd3 a6 17.Rad1 b5 18.a3 Rad8 19.Nc6 Bxc6 20.dxc6 Bxc3 21.Qxd6 Rxd6 22.Rxd6 cxd6
23.bxc3 Rc8 24.a4 Rxc6 25.axb5 axb5 26.Rb1 Rc5 27.Rb3 Kg7 28.Kf1 Kf6 29.Ke2 g5
30.Kd3 Rd5+  1/2-1/2

[Event "22nd Open"]
[Site "Staufer GER"]
[Date "2010.01.05"]
[Round "9"]
[White "Gohil,H"]
[Black "Pokrupa,M"]
[Result "0-1"]
[WhiteElo "2347"]
[BlackElo "2169"]

1.d4 Nf6 2.Bg5 Ne4 3.Bf4 d5 4.e3 Bf5 5.f3 Nf6 6.c4 e6 7.Qb3 Nbd7 8.Nc3 Nh5
9.cxd5 Nxf4 10.exf4 exd5 11.Nxd5 Bd6 12.Qe3+ Kf8 13.O-O-O c6 14.Nc3 Qc7 15.g3 Nf6
16.Bh3 Nd5 17.Qd2 Bxh3 18.Nxh3 Bb4 19.Qd3 Bxc3 20.bxc3 Qa5 21.Kb2 b5 22.Rc1 Rb8
23.Ka1 Re8 24.Ng5 Re3 25.Qf5 f6 26.Rhe1 Rxe1 27.Qc8+ Re8 28.Qxc6 Qa3  0-1

[Event "15th Open"]
[Site "Bosnjaci CRO"]
[Date "2010.01.08"]
[Round "8"]
[White "Ljikar,Z"]
[Black "Pap,M"]
[Result "0-1"]
[WhiteElo "2209"]
[BlackElo "2521"]

1.d4 Nf6 2.Bg5 Ne4 3.Bf4 c5 4.f3 Qa5+ 5.c3 Nf6 6.d5 Qb6 7.b3 e6 8.e4 d6 9.c4 exd5
10.cxd5 Be7 11.Nc3 O-O 12.Nge2 Nh5 13.Be3 f5 14.exf5 Rxf5 15.Qd2 Rf8 16.Ng3 Bh4
17.Bf2 Nf4 18.O-O-O Nd7 19.Be3 Ng6 20.Nge4 Nde5 21.h3 Bf5 22.f4 Nd7 23.g3 Nf6
24.Nxf6+ Bxf6 25.Bd3 Bxd3 26.Qxd3 Qa5 27.Nb1 Qxa2 28.Rd2 Qa5 29.h4 b5 30.Rc2 Rac8
31.Bd2 Qb6 32.Bc3 c4 33.bxc4 bxc4 34.Qd2 Ne7 35.Bxf6 Rxf6 36.g4 Qc5 37.Nc3 Ng6
38.Rf1 Ne5 39.Ne4 Qa3+ 40.Kd1 Rff8 41.Qc3 Qxc3 42.Rxc3 Nxg4 43.Nxd6 Rc5 44.Ke2 Rxd5
45.Nxc4 Re8+ 46.Ne3 Rd4  0-1

[Event "Century West Open"]
[Site "Los Angeles USA"]
[Date "2010.01.10"]
[Round "5"]
[White "Kretchetov,A"]
[Black "Ashe,B"]
[Result "1-0"]
[WhiteElo "2393"]
[BlackElo "2220"]

1.d4 Nf6 2.Bg5 Ne4 3.Bf4 d5 4.f3 Nf6 5.Nc3 e6 6.e4 Bb4 7.a3 Bxc3+ 8.bxc3 dxe4
9.fxe4 Nxe4 10.Qf3 Qd5 11.Bxc7 Nd7 12.Bd3 Ndf6 13.Ne2 Bd7 14.c4 Qf5 15.Qe3 Bc6
16.Ng3 Qg5 17.Qxg5 Nxg5 18.O-O Nge4 19.d5 Nxg3 20.dxc6 Nxf1 21.cxb7 Kd7 22.bxa8=Q Rxa8
23.Bf4 e5 24.Bg5 Nxh2 25.Bxf6 gxf6 26.Kxh2 Ke6 27.Be4 Rd8 28.Bd5+ Kf5 29.Rd1 Kf4
30.g3+ Ke3 31.Kg2 e4 32.Re1+ Kd2 33.Rxe4 Kxc2 34.Re7 a5 35.Ra7  1-0

[Event "Open"]
[Site "Prague CZE"]
[Date "2010.01.12"]
[Round "6"]
[White "Drazic,S"]
[Black "Zvara,P"]
[Result "1/2-1/2"]
[WhiteElo "2540"]
[BlackElo "2419"]

1.d4 Nf6 2.Bg5 Ne4 3.Bf4 c5 4.dxc5 e6 5.Nd2 Nxd2 6.Qxd2 Bxc5 7.e4 Nc6 8.O-O-O Qa5
9.a3 Qxd2+ 10.Rxd2 e5 11.Bg3 d6 12.b4 Bb6 13.Rxd6 f6 14.Nf3 Bg4 15.Nd2 Ke7
16.Rd3 Rhc8 17.Nb3 a5 18.bxa5 Nxa5 19.Nxa5 Rxa5 20.Rb3 Bd4 21.f3 Bd7 22.Be1 Ra7
23.Bb4+ Kf7 24.Bd3 Be6 25.Kd2 Bxb3 26.cxb3 Bc5 27.Bc4+ Ke7 28.Bxc5+ Rxc5
29.a4 b6 30.h4 Rd7+ 31.Kc3 Rc8 32.g4 Rcd8 33.Bd5 Rc7+ 34.Bc4 Rd4 35.h5 Kd6
36.Kb4 Kc6 37.Rg1 h6 38.Rc1 Ra7 39.Ka3 Kd6 40.Kb4 Ra5 41.Kc3 Rc5 42.Ra1 Kc7
43.Rc1 Kc6 44.Rb1 Kd6 45.Ra1 Rc8 46.Kb4 Kc6 47.Rc1 Rcd8 48.Rc2 Kc7 49.Kb5 Rd2
50.Rc3 R8d6 51.Be6+ Kb7 52.Bc4 Rc6 53.Kb4 Kc7 54.Kb5 Rc5+ 55.Kb4 Kd6  1/2-1/2

[Event "2nd Kirov Memorial Open"]
[Site "Blagoevgrad BUL"]
[Date "2010.01.14"]
[Round "6"]
[White "Veleski,R"]
[Black "Gochev,M"]
[Result "1-0"]
[WhiteElo "2289"]
[BlackElo "2248"]

1.d4 Nf6 2.Bg5 Ne4 3.Bf4 c5 4.Nd2 Nxd2 5.Qxd2 cxd4 6.Qxd4 Nc6 7.Qe3 Qa5+
8.c3 e5 9.Bg3 Be7 10.Nf3 d6 11.Qd2 O-O 12.e4 Be6 13.Bd3 f6 14.O-O Qb6 15.Rfd1 a5
16.Qe2 Qc5 17.Nd2 a4 18.Nc4 g6 19.Kh1 b5 20.Ne3 Rab8 21.f3 Na5 22.Bf2 Qc6
23.Nd5 Bxd5 24.exd5 Qd7 25.f4 exf4 26.Re1 Rfe8 27.Qf3 Nc4 28.Bxc4 bxc4 29.Re4 Rxb2
30.Rae1 f5 31.Re6 Rxa2 32.Bd4 Qb7 33.Qh3 Qxd5 34.Rxg6+  1-0

[Event "2nd Kirov Memorial Open"]
[Site "Blagoevgrad BUL"]
[Date "2010.01.15"]
[Round "7"]
[White "Dimitrov,R"]
[Black "Daels,M"]
[Result "1/2-1/2"]
[WhiteElo "2394"]
[BlackElo "2207"]

1.d4 Nf6 2.Bg5 Ne4 3.Bh4 g5 4.f3 gxh4 5.fxe4 c5 6.Nf3 cxd4 7.Qxd4 Rg8 8.Nc3 Nc6
9.Qd2 h3 10.g3 d6 11.O-O-O Bd7 12.Kb1 Bg7 13.Nd5 Rc8 14.e3 Ne5 15.Nd4 a6
16.Nf5 Bf8 17.Bxh3 e6 18.Rhf1 exd5 19.Qxd5 Bxf5 20.Rxf5 Bg7 21.Qxb7 Rb8 22.Qxa6 Qc7
23.Rxd6 Ke7 24.Rd4 Rgc8 25.Qa3+ Ke8 26.c3 Qxc3 27.Rxe5+ Bxe5 28.Bd7+ Kd8
29.Bxc8+ Bxd4 30.Qf8+ Kc7 31.Qe7+ Kxc8 32.Qe8+ Kb7 33.Qxb8+ Kxb8 34.bxc3 Bxc3
35.Kc2 Ba5 36.Kd3 Kc7 37.e5 Kd7 38.Ke4 Ke6 39.Kf4 h6 40.a4 Bd2 41.h3 Bc3
42.Kg4 Bd2 43.Kf4 Bc3 44.Kg4  1/2-1/2

[Event "Porzellancup"]
[Site "Dresden GER"]
[Date "2010.01.16"]
[Round "3"]
[White "Drazic,S"]
[Black "Weidlich,G"]
[Result "1/2-1/2"]
[WhiteElo "2540"]
[BlackElo "2198"]

1.d4 Nf6 2.Bg5 Ne4 3.Be3 g6 4.Nd2 d5 5.f3 Nf6 6.Bf2 Bg7 7.e4 dxe4 8.Nxe4 Nbd7
9.Bd3 O-O 10.Ne2 e5 11.O-O Nxe4 12.Bxe4 exd4 13.Bxd4 Bxd4+ 14.Qxd4 Nf6 15.Bd3 Qxd4+
16.Nxd4 Bd7 17.Kf2 c5 18.Ne2 Bc6 19.Nc3 Rfd8 20.Rfe1 Re8 21.a3 Rxe1 22.Rxe1 Re8
23.Rb1 a5 24.b4 axb4 25.axb4 cxb4 26.Rxb4 Bd5 27.Bc4 h6 28.Bb3  1/2-1/2

[Event "TCh-AUT 2009-10"]
[Site "Graz AUT"]
[Date "2010.01.16"]
[Round "6"]
[White "Miroshnichenko,E"]
[Black "Lanka,Z"]
[Result "1-0"]
[WhiteElo "2686"]
[BlackElo "2506"]

1.d4 Nf6 2.Bg5 Ne4 3.Bf4 e6 4.e3 d5 5.Bd3 Bd6 6.Bxe4 dxe4 7.Nc3 f5 8.Qh5+ g6
9.Qh6 Bxf4 10.Qxf4 O-O 11.O-O-O b6 12.h4 Nd7 13.Nh3 Nf6 14.Ne2 Ba6 15.Ng3 Nd5
16.Qh6 Rf6 17.Qg5 Rf7 18.h5 Rg7 19.Qxd8+ Rxd8 20.Ng5 Re8 21.h6 Rd7 22.Rd2 Rd6
23.b3 b5 24.a3 Red8 25.Kb2 Nf6 26.c3 Bb7 27.Rc2 Rb6 28.Ne2 Kf8 29.Nf4 Ke7
30.c4 bxc4 31.Rxc4 Rc8 32.Rhc1 Kd7 33.Nfxe6 Rxe6 34.Nxe6 Kxe6 35.Rxc7 Rb8
36.R1c5 Bd5 37.b4 a6 38.Ra7 Rb6 39.Rcc7 f4 40.exf4 Kf5 41.g3 Kg4 42.Rc3 Kh5
43.Re7 Kg4 44.Kc2 Kh3 45.Kd2 Kg2 46.Ke1 a5 47.g4 axb4 48.axb4 Rxb4 49.g5 Nh5
50.Rxh7 Rb1+ 51.Kd2 Kxf2 52.Re7 Ng3 53.Rc5 Nf1+ 54.Kc2 Rb8 55.h7 Bb3+ 56.Kc3 Ba4
57.Rxe4 Ng3 58.Re7 Ne2+ 59.Rxe2+ Kxe2 60.f5 Rb3+ 61.Kc4 Rh3 62.fxg6 Kd2 63.Kb4 Bd1
64.g7 Rb3+ 65.Ka5  1-0

[Event "4NCL 2009-10"]
[Site "Hinckley Island ENG"]
[Date "2010.01.17"]
[Round "4"]
[White "Ledger,S"]
[Black "Burrows,M"]
[Result "1/2-1/2"]
[WhiteElo "2106"]
[BlackElo "2172"]

1.d4 Nf6 2.Bg5 Ne4 3.Bf4 d5 4.e3 Bf5 5.f3 Nf6 6.c4 e6 7.Nc3 c6 8.Qb3 Qb6
9.c5 Qxb3 10.axb3 Nbd7 11.b4 Be7 12.b5 O-O 13.bxc6 bxc6 14.Ba6 e5 15.dxe5 Ne8
16.b4 f6 17.e6 Ne5 18.Bxe5 fxe5 19.Bb7 Rd8 20.Bxc6 Bxe6 21.Nge2 Bg5 22.e4 d4
23.Nd5 Rf7 24.Nc1 Nc7 25.Nxc7 Rxc7 26.Ba4 a5 27.Nd3 axb4 28.Ke2 Bc4 29.Rhb1 Bxd3+
30.Kxd3 Rxc5 31.Bb3+ Kh8 32.Bc4  1/2-1/2

[Event "LX Abto de Verano"]
[Site "Villa Ballester ARG"]
[Date "2010.01.27"]
[Round "6"]
[White "Villarreal,I"]
[Black "Perez,Max"]
[Result "0-1"]
[WhiteElo "1850"]
[BlackElo "2191"]

1.d4 Nf6 2.Bg5 Ne4 3.Bf4 c5 4.f3 Nf6 5.c3 cxd4 6.Qxd4 Nc6 7.Qd2 d5 8.e3 e5
9.Bg5 Be6 10.Bb5 a6 11.Ba4 Be7 12.Ne2 h6 13.Bxf6 Bxf6 14.e4 Bg5 15.Qd1 dxe4
16.fxe4 Qb6 17.Qc2 O-O  0-1

[Event "ch-UKR b18"]
[Site "Kyiv UKR"]
[Date "2010.01.28"]
[Round "4"]
[White "Voitovich,V"]
[Black "Kurayan,R"]
[Result "1-0"]
[WhiteElo "1973"]
[BlackElo "2256"]

1.d4 Nf6 2.Bg5 Ne4 3.Bh4 d5 4.f3 Nd6 5.Nd2 Bf5 6.c4 c6 7.c5 Nb5 8.e4 dxe4
9.fxe4 Bg6 10.Bxb5 cxb5 11.Ngf3 b6 12.Rc1 bxc5 13.Rxc5 a6 14.Qc2 Nd7 15.Rc7 f6
16.Qc6 Rb8 17.d5 Rb6 18.Rxd7 Rxc6 19.Rxd8+ Kxd8 20.dxc6 Kc7 21.e5 Kxc6 22.Ke2 Kd5
23.Nf1 fxe5 24.Ne3+ Ke6 25.Ng5+ Kd6 26.Rd1+ Kc6 27.Rd8  1-0

[Event "8th Gibtelecom Masters"]
[Site "Caleta ENG"]
[Date "2010.02.03"]
[Round "9"]
[White "Edouard,R"]
[Black "Bindrich,F"]
[Result "0-1"]
[WhiteElo "2608"]
[BlackElo "2512"]

1.d4 Nf6 2.Bg5 Ne4 3.Bf4 c5 4.f3 Qa5+ 5.c3 Nf6 6.d5 Qb6 7.Bc1 e6 8.e4 Bd6
9.c4 O-O 10.Nc3 exd5 11.cxd5 Re8 12.Bc4 a6 13.a4 Qc7 14.Nge2 Be5 15.Qd3 d6
16.O-O Nbd7 17.b3 Nb6 18.Bb2 Bd7 19.Rac1 Nxc4 20.bxc4 Rac8 21.Rfe1 Nh5 22.Qd2 Qb6
23.g4 Nf6 24.Rb1 Qb3 25.Qd3 Bxa4 26.Ba1 Qa3 27.Rxb7 Bb3 28.f4 Bd4+ 29.Nxd4 cxd4
30.Ne2 Qa5 31.Rc1 Bxc4 32.Rxc4 Rxc4 33.Qxc4 Qxa1+ 34.Kg2 Qe1 35.Ng3 Qd2+
36.Qe2 Qxf4 37.Qf3 Qxg4 38.Qxg4 Nxg4 39.Rb6 d3 40.Kf3 Ne5+ 41.Kf2 f5 42.Nxf5 Nc4
43.Rc6 d2  0-1

[Event "Bundesliga 2009-10"]
[Site "Berlin GER"]
[Date "2010.02.05"]
[Round "7"]
[White "Muse,M"]
[Black "Polzin,R"]
[Result "1/2-1/2"]
[WhiteElo "2448"]
[BlackElo "2491"]

1.d4 Nf6 2.Bg5 Ne4 3.Bf4 c5 4.e3 Qb6 5.Nc3 Nxc3 6.bxc3 e6 7.Nf3 Qa5 8.Qd2 Nc6
9.Be2 b6 10.O-O d5 11.a4 c4 12.e4 Be7 13.Ne5 Nxe5 14.Bxe5 O-O 15.exd5 exd5
16.Bf3 Be6 17.Rfb1 Bd7 18.Re1 Rfe8 19.h3 Bf8 20.Qf4 Be6 21.Re3 f6 22.Bd6 Bf7
23.Bxf8 Rxe3 24.Bb4 Rxf3 25.Qxf3 Qa6 26.a5 Re8 27.Qf4 Qb7 28.Qd6 h6 29.axb6 axb6
30.Kf1 Bg6 31.Rc1 Kh7 32.g4 Be4 33.Qf4 Qd7 34.f3 Bg6 35.Kf2 Qe6 36.Qd2 h5
37.Re1 Qd7 38.Rxe8 Qxe8 39.Kg2 Qa4 40.Kg3 hxg4 41.hxg4 Qxc2  1/2-1/2

[Event "Bundesliga 2009-10"]
[Site "Berlin GER"]
[Date "2010.02.07"]
[Round "9"]
[White "Schneider,Il"]
[Black "Chernov,Va"]
[Result "1/2-1/2"]
[WhiteElo "2500"]
[BlackElo "2433"]

1.d4 Nf6 2.Bg5 Ne4 3.Bf4 c5 4.f3 Qa5+ 5.c3 Nf6 6.Nd2 cxd4 7.Nb3 Qb6 8.Qxd4 Nc6
9.Qxb6 axb6 10.Nd4 e5 11.Nxc6 exf4 12.Nd4 Bd6 13.e4 fxe3 14.Nf5 Bc5 15.Nxg7+ Kf8
16.Nf5 d5 17.Bd3 Rg8 18.g3 Bxf5 19.Bxf5 d4 20.cxd4 Bxd4 21.O-O-O Bc5 22.Kb1 Kg7
23.Ne2 b5 24.Rd3 b4 25.g4 Rgd8 26.Rhd1 Rxd3 27.Rxd3 b6 28.h4  1/2-1/2

[Event "TCh-FIN 2009-10"]
[Site "Finland FIN"]
[Date "2010.02.13"]
[Round "6"]
[White "Ristoja,J"]
[Black "Seeman,T"]
[Result "0-1"]
[WhiteElo "2291"]
[BlackElo "2421"]

1.d4 Nf6 2.Bg5 Ne4 3.Bf4 d6 4.Nd2 Nf6 5.e4 g6 6.Ngf3 Bg7 7.c3 O-O 8.h3 Nc6
9.d5 e5 10.Be3 Ne7 11.g4 c6 12.c4 a5 13.Qc2 a4 14.Rc1 Nd7 15.g5 Nc5 16.b4 axb3
17.axb3 Na6 18.Qc3 c5 19.Ra1 Nf5 20.exf5 gxf5 21.Ne4 fxe4 22.Nd2 f5 23.gxf6 Qxf6
24.Rg1 Bf5  0-1

[Event "Magistral"]
[Site "Alzira Oliva Alcudia ESP"]
[Date "2010.02.15"]
[Round "5"]
[White "Bellon Lopez,JuM"]
[Black "Palencia,W"]
[Result "1/2-1/2"]
[WhiteElo "2440"]
[BlackElo "2348"]

1.d4 Nf6 2.Bg5 Ne4 3.Bh4 g5 4.Bg3 Nxg3 5.hxg3 e5 6.Qd3 Nc6 7.d5 Ne7 8.Nf3 Ng6
9.Nbd2 Be7 10.d6 cxd6 11.Nc4 b5 12.Nxd6+ Bxd6 13.Qxd6 f6 14.Nxg5 Bb7 15.O-O-O Qe7
16.Nf3 Rc8 17.e3 a6 18.Nh4 Nxh4 19.Rxh4 Qxd6 20.Rxd6 Ke7 21.Rb6 Rc7 22.f3 e4
23.Rh6 exf3 24.gxf3 Bxf3 25.Bd3 Rc6 26.Rxc6 dxc6 27.Kd2 Bd5 28.Rxh7+ Rxh7
29.Bxh7 a5 30.a3 Kd6 31.b4 axb4 32.axb4 Ke5 33.Bd3 Be6 34.Bf1 Bd5 35.Be2 Be4
36.c4 bxc4 37.Bxc4 Bf5 38.Bf1 Be4 39.Ke1 Bd5 40.Kf2 Kd6 41.Bd3 Ke5 42.Ba6 Be4
43.Bb7 Bd5 44.g4 Kd6  1/2-1/2

[Event "TCh-Eur Seniors"]
[Site "Dresden GER"]
[Date "2010.02.15"]
[Round "6"]
[White "Nickl,K"]
[Black "Lechtynsky,J"]
[Result "1/2-1/2"]
[WhiteElo "2183"]
[BlackElo "2393"]

1.d4 Nf6 2.Bg5 Ne4 3.Bf4 c5 4.f3 Qa5+ 5.c3 Nf6 6.Nd2 cxd4 7.Nb3 Qb6 8.Qxd4 Nc6
9.Qxb6 axb6 10.Be3 b5 11.Nd4 Nxd4 12.Bxd4 e6 13.e4 b4 14.Bb5 bxc3 15.Bxc3 Be7
16.Ne2 O-O 17.O-O  1/2-1/2

[Event "US Amateur Team-ch East"]
[Site "Parsippany USA"]
[Date "2010.02.15"]
[Round "5"]
[White "Guevara,R"]
[Black "Allen,E"]
[Result "1/2-1/2"]
[WhiteElo "2090"]
[BlackElo "2174"]

1.d4 Nf6 2.Bg5 Ne4 3.Bf4 c5 4.f3 Qa5+ 5.c3 Nf6 6.Nd2 cxd4 7.Nb3 Qf5 8.Bxb8 Rxb8
9.Qxd4 b6 10.e4 Qf4 11.Nh3 Qc7 12.e5 Ng8 13.Rd1 e6 14.Ng5 Ne7 15.Qf4 f6  1/2-1/2

[Event "BSF 75th Ann."]
[Site "Bronshoj DEN"]
[Date "2010.02.17"]
[Round "4"]
[White "Saada,J"]
[Black "Petersen,Stee1"]
[Result "1-0"]
[WhiteElo "2307"]
[BlackElo "2154"]

1.d4 Nf6 2.Bg5 Ne4 3.Bf4 d5 4.e3 c5 5.Bd3 Qb6 6.Bxe4 Qxb2 7.Nd2 dxe4 8.Nxe4 cxd4
9.Qxd4 Qxd4 10.exd4 Nc6 11.c3 Bf5 12.f3 O-O-O 13.Ne2 Bxe4 14.fxe4 e5 15.Be3 exd4
16.cxd4 Bb4+ 17.Kf2 Kb8 18.Rab1 Ba5 19.Rhc1 Bb6 20.d5 Bxe3+ 21.Kxe3 Ne7 22.g4 Rhe8
23.Kf3 Ng6 24.h3 Ne5+ 25.Ke3 Rd7 26.Rb5 f6 27.Nd4 Nf7 28.Ne6 Nd6 29.Rb4 a5
30.Rb3 Ka7 31.a4 Rc8 32.Rxc8 Nxc8 33.Kd4 Nd6 34.h4 b6 35.g5 Rf7 36.Rf3 Ka6
37.Rc3 Re7 38.Rc6 Ne8 39.d6 Ra7 40.Nc5+  1-0

[Event "TCh-Eur Seniors"]
[Site "Dresden GER"]
[Date "2010.02.17"]
[Round "8"]
[White "Jones,I"]
[Black "Stimpel,F"]
[Result "1-0"]
[WhiteElo "2290"]
[BlackElo "2264"]

1.d4 Nf6 2.Bg5 Ne4 3.Bf4 d6 4.f3 Nf6 5.e4 e5 6.dxe5 Nh5 7.Be3 dxe5 8.Qxd8+ Kxd8
9.Bc4 Ke8 10.Ne2 Nd7 11.Nd2 Bc5 12.Nf1 c6 13.a3 a5 14.Kf2 Ke7 15.Rd1 Nhf6
16.g4 g6 17.h4 h5 18.g5 Bxe3+ 19.Nxe3 Ne8 20.Nc1 b5 21.Ba2 Nc5 22.Rd2 Be6
23.Bxe6 Nxe6 24.a4 Rb8 25.axb5 Rxb5 26.Nc4 f6 27.gxf6+ Nxf6 28.Rg1 Nf4 29.Ke3 Rg8
30.Nxe5 Rxe5 31.Kxf4 Rb5 32.Nd3 Nd7 33.Rdg2 Nf8 34.Ke3 Kf6 35.f4 Rh8 36.Rg5 Rh7
37.Rxb5 cxb5 38.Rg5 Rb7 39.f5 Rb8 40.Nf4  1-0

[Event "XIII Open"]
[Site "Malaga ESP"]
[Date "2010.02.21"]
[Round "2"]
[White "Bellon Lopez,JuM"]
[Black "Charro Calvo,J"]
[Result "1-0"]
[WhiteElo "2440"]
[BlackElo "1729"]

1.d4 Nf6 2.Bg5 Ne4 3.Bf4 d5 4.f3 Nf6 5.Bg5 Nbd7 6.Nc3 c6 7.e4 dxe4 8.fxe4 h6
9.Bh4 Qa5 10.e5 Nd5 11.Qd2 e6 12.Ne4 Qxd2+ 13.Kxd2 c5 14.Bf2 cxd4 15.Bxd4 Be7
16.Nf3 O-O 17.c4 Nb4 18.a3 Nc6 19.Bc3 Rd8 20.Kc2 b6 21.b4 Bb7 22.Nd6 Rdb8
23.Rd1 Nf8 24.Bd3 Bxd6 25.exd6 Rd8 26.Rd2 Nd7 27.Re1 Re8 28.Be4 Rac8 29.Kb2 Nd8
30.Ne5 Bxe4 31.Rxe4 Nxe5 32.Bxe5 Ra8 33.Rg4 g6 34.d7 Rf8 35.Bf6 Kh7 36.Rh4 Rg8
37.c5 bxc5 38.bxc5 Rb8+ 39.Rb4  1-0

[Event "Masters B"]
[Site "Nancy FRA"]
[Date "2010.02.22"]
[Round "1"]
[White "Wiley,To"]
[Black "Bedouin,X"]
[Result "1/2-1/2"]
[WhiteElo "2302"]
[BlackElo "2381"]

1.d4 Nf6 2.Bg5 Ne4 3.Bf4 c5 4.f3 Qa5+ 5.c3 Nf6 6.Nd2 cxd4 7.Nb3 Qb6 8.Qxd4 Nc6
9.Qxb6 axb6 10.Nd4 e5 11.Nxc6 dxc6 12.Bxe5 Be6 13.e4 Be7 14.Ne2 O-O 15.Nd4 Rxa2
16.Rxa2 Bxa2 17.Kd2 Nd7 18.Bg3 b5 19.Kc2 Bc4 20.Bxc4 bxc4 21.Ra1 Bc5 22.Nf5 Re8
23.Nd6 Bxd6 24.Bxd6 f5 25.e5 g5 26.g3 Kf7 27.Ra7 Nxe5 28.Rxb7+ Kg6 29.Bxe5 Rxe5
30.Kd2 f4 31.Rb6 Rc5 32.g4 h5 33.h3 hxg4 34.hxg4 Kf6 35.Ke2 Ke5 36.Rb7 Kd6
37.Kf2 Rb5 38.Rxb5 cxb5 39.Ke2 Kc5 40.Kd2 b4 41.Kc2 Kb5 42.Kb1 Ka5 43.Ka1 Kb6
44.Kb1 Kb5 45.Ka1 Ka4 46.Ka2 Ka5 47.Ka1  1/2-1/2

[Event "XIII Open"]
[Site "Malaga ESP"]
[Date "2010.02.24"]
[Round "6"]
[White "Walton,A"]
[Black "Bolle,L"]
[Result "1-0"]
[WhiteElo "2137"]
[BlackElo "1948"]

1.d4 Nf6 2.Bg5 Ne4 3.Bf4 c5 4.f3 Qa5+ 5.c3 Nf6 6.Nd2 cxd4 7.Nb3 Qb6 8.Qxd4 Nc6
9.Qxb6 axb6 10.Nd4 e5 11.Nxc6 exf4 12.Nd4 Bc5 13.g3 fxg3 14.hxg3 d5 15.e3 O-O
16.Bd3 g6 17.Nge2 Re8 18.Kd2 Bd7 19.a3 b5 20.Rae1 Re7 21.Nf4 Rae8 22.Ng2 b4
23.axb4 Bb6 24.g4 h5 25.g5 Nh7 26.f4 Bg4 27.Bb5 Ra8 28.Ra1 Rxa1 29.Rxa1 f6
30.Bd3 f5 31.Bc2 Bxd4 32.cxd4 Kf7 33.Nh4 Nf8 34.Bb3 Rd7 35.Ra5 Ke6 36.Rb5 Bh3
37.Ke1 Bg4 38.Kf2 Bh3 39.Nf3 Rd6 40.Ne5 b6 41.Bxd5+ Rxd5 42.Rxb6+ Rd6 43.Rb8 Ke7
44.b5 Nd7 45.Rb7 Bg4 46.Ra7 Ke8 47.Nxd7 Rxd7 48.b6  1-0